| 000 | 00434nmm a2200145 a 4500 | ||
|---|---|---|---|
| 999 |
_c6387 _d6387 |
||
| 020 | _a8120340809 | ||
| 020 | _a978-8120340800 | ||
| 100 | 1 | _aKalita, Utsav Chandra | |
| 245 | 1 | 0 | _aSoil Mechanics and Foundation Engineering |
| 260 |
_a[S.l.] : _bPHI Learning Private Limited, _c2013. |
||
| 650 | _aSoil Mechanics | ||
| 650 | _aFoundation Engineering | ||
| 856 | _uhttp://www.amazon.com/exec/obidos/ASIN/B00DYX09AQ/chopacon | ||
| 942 | _cBK | ||